| 000 | 00636cam a2200229 4500500 | ||
|---|---|---|---|
| 005 | 20260405003255.0 | ||
| 041 | _afre | ||
| 042 | _adc | ||
| 100 | 1 | 0 |
_aPortevin, Catherine _eauthor |
| 245 | 0 | 0 | _aFaire parler le ciel |
| 260 | _c2021. | ||
| 500 | _a45 | ||
| 690 | _aDiscours | ||
| 690 | _aDivinité | ||
| 690 | _aParole | ||
| 690 | _aPeter Sloterdijk | ||
| 690 | _aPoésie | ||
| 690 | _aReligion | ||
| 690 | _aThéologie | ||
| 786 | 0 | _nPhilosophie magazine | 148 | 4 | 2021-04-01 | p. 76-76 | 1951-1787 | |
| 856 | 4 | 1 | _uhttps://shs.cairn.info/magazine-philosophie-magazine-2021-4-page-76?lang=fr&redirect-ssocas=7080 |
| 999 |
_c2066003 _d2066003 |
||